|
|
|
|
| LEADER |
01466nam a2200325 a 4500 |
| 001 |
11808 |
| 003 |
BD-DhAAL |
| 008 |
100428s2000 ii a b 001 0 eng d |
| 999 |
|
|
|c 8298
|d 8298
|
| 020 |
|
|
|a 8170368952 (Indian HB)
|
| 020 |
|
|
|a 8170368960 (Indian PB)
|
| 020 |
|
|
|a 0761994254 (US HB)
|
| 020 |
|
|
|a 0761994262 (US PB)
|
| 040 |
|
|
|a DLC
|c DLC
|d Uk
|d BD-DhAAL
|
| 082 |
0 |
0 |
|a 372.18220954
|2 21
|
| 245 |
1 |
4 |
|a The gender gap in basic education :
|b NGOs as change agents /
|c edited by Rekha Wazir.
|
| 260 |
|
|
|a New Delhi ;
|a London :
|b Sage Publications,
|c 2000.
|
| 300 |
|
|
|a 286 pages ;
|c 22cm.
|
| 504 |
|
|
|a Includes bibliographical references and index.
|
| 526 |
|
|
|a BIED
|
| 541 |
1 |
|
|a Complimentary copy from BIED
|e 11808, 36059
|
| 650 |
|
0 |
|a Women
|x Education (Elementary)
|z India.
|9 38230
|
| 650 |
|
0 |
|a Basic education
|z India.
|9 38231
|
| 650 |
|
0 |
|a Educational equalization
|z India.
|9 38232
|
| 650 |
|
0 |
|a Non-governmental organizations
|z India
|x Influence.
|9 38233
|
| 700 |
1 |
|
|a Wazir, Rekha.
|9 38234
|
| 852 |
4 |
|
|a Ayesha Abed Library
|j General Shelf
|
| 942 |
|
|
|2 ddc
|c BK
|
| 952 |
|
|
|0 0
|1 0
|2 ddc
|4 0
|6 372_182209540000000_GEN
|7 0
|9 9541
|a BRACUL
|b BRACUL
|c GEN
|d 2010-04-28
|g 395.00
|l 0
|o 372.18220954 GEN
|p 3010011808
|r 2010-04-28
|t 1
|w 2010-04-28
|y BK
|x 395.00
|
| 952 |
|
|
|0 0
|1 0
|2 ddc
|4 0
|6 372_182209540000000_GEN
|7 0
|9 67424
|a BRACUL
|b BRACUL
|c GEN
|d 2019-12-11
|e Complimentary copy from BIED
|l 0
|o 372.18220954 GEN
|p 3010036059
|r 2019-12-11
|t 2
|w 2019-12-11
|y BK
|x Transferred from BIED to General Stacks
|